|
|
|
|
| LEADER |
02064nam a2200529 i 4500 |
| 001 |
nkc20183004127 |
| 003 |
CZ PrNK |
| 005 |
20180810111024.0 |
| 007 |
ta |
| 008 |
180627s2018 xr a g 6 000 1 cze |
| 015 |
|
|
|a cnb003004127
|
| 020 |
|
|
|a 978-80-7449-614-1
|q (brožováno) :
|c Kč 299,00
|
| 020 |
|
|
|a 978-80-7449-626-4
|q (vázáno)
|
| 035 |
|
|
|a (OCoLC)1048456193
|
| 040 |
|
|
|a BOA001
|b cze
|d ABA001
|e rda
|
| 041 |
1 |
|
|a cze
|h eng
|
| 072 |
|
7 |
|a 821-1/-8
|x Literatura různých forem a žánrů
|2 Konspekt
|9 25
|
| 080 |
|
|
|a 821-312.5
|2 MRF
|
| 080 |
|
|
|a (084.1)
|2 MRF
|
| 100 |
1 |
|
|a Hitch, Bryan,
|d 1970-
|7 xx0086690
|4 aut
|
| 240 |
1 |
0 |
|a Extinction machines.
|l Česky
|
| 245 |
1 |
0 |
|a Liga spravedlnosti.
|n Kniha první,
|p Vyhlazovací stroje /
|c Bryan Hitch, scénář ; Tony S. Daniel, Bryan Hitch, Jesus Merino, kresba ; překlad: Ľudovít Plata
|
| 246 |
3 |
0 |
|a Vyhlazovací stroje
|
| 250 |
|
|
|a První vydání
|
| 264 |
|
1 |
|a [Praha] :
|b Crew,
|c 2018
|
| 300 |
|
|
|a 167 nečíslovaných stran :
|b barevné ilustrace ;
|c 27 cm
|
| 336 |
|
|
|a text
|b txt
|2 rdacontent
|
| 336 |
|
|
|a statický obraz
|b sti
|2 rdacontent
|
| 337 |
|
|
|a bez média
|b n
|2 rdamedia
|
| 338 |
|
|
|a svazek
|b nc
|2 rdacarrier
|
| 490 |
1 |
|
|a Světové komiksy česky
|
| 490 |
1 |
|
|a Znovuzrození hrdinů DC
|
| 500 |
|
|
|a Přeloženo z angličtiny
|
| 500 |
|
|
|a U vázaného vydání edice Znovuzrození hrdinů DC uvedena pouze na přebalu
|
| 655 |
|
7 |
|a komiksy
|7 fd131978
|2 czenas
|
| 655 |
|
9 |
|a comics
|2 eczenas
|
| 700 |
1 |
|
|a Daniel, Tony S.
|q (Antonio Salvador)
|7 xx0169262
|4 ill
|
| 700 |
1 |
|
|a Merino, Jesús
|7 xx0170464
|4 ill
|
| 700 |
1 |
|
|a Plata, Ľudovít,
|d 1978-
|7 xx0078537
|4 trl
|
| 830 |
|
0 |
|a Světové komiksy česky
|0 s
|
| 830 |
|
0 |
|a Znovuzrození hrdinů DC (Crew)
|0 s
|
| 910 |
2 |
|
|a BOA001
|b 3-1408.890,1
|
| 990 |
|
|
|a BK
|
| 995 |
|
|
|a 01
|
| 991 |
|
|
|b 201807
|c NOV
|
| 996 |
6 |
|
|b 2610747777
|c 3-1408.890,1
|l MZK
|r Sklad / do 1 hodiny
|n 0
|p p.v.
|w 001673251
|u 000010
|a 1
|e BOA001
|j MZK50
|s P
|
| 996 |
7 |
|
|b 2610747778
|c 3-1408.890,1
|l MZK
|r Sklad / do 1 hodiny
|n 2
|p p.v.
|w 001673251
|u 000020
|a 1
|e BOA001
|j MZK50
|s A
|